<?xml version="1.0" encoding="UTF-8"?><?xml-stylesheet type="text/xsl" href="static/style.xsl"?><OAI-PMH xmlns="http://www.openarchives.org/OAI/2.0/" xmlns:xsi="http://www.w3.org/2001/XMLSchema-instance" xsi:schemaLocation="http://www.openarchives.org/OAI/2.0/ http://www.openarchives.org/OAI/2.0/OAI-PMH.xsd"><responseDate>2026-04-17T12:05:41Z</responseDate><request verb="GetRecord" identifier="oai:riubu.ubu.es:10259/10311" metadataPrefix="marc">https://riubu.ubu.es/oai/request</request><GetRecord><record><header><identifier>oai:riubu.ubu.es:10259/10311</identifier><datestamp>2025-03-12T01:05:35Z</datestamp><setSpec>com_10259_3822</setSpec><setSpec>com_10259_5086</setSpec><setSpec>com_10259_2604</setSpec><setSpec>col_10259_3823</setSpec></header><metadata><record xmlns="http://www.loc.gov/MARC21/slim" xmlns:doc="http://www.lyncode.com/xoai" xmlns:xsi="http://www.w3.org/2001/XMLSchema-instance" xmlns:dcterms="http://purl.org/dc/terms/" xsi:schemaLocation="http://www.loc.gov/MARC21/slim http://www.loc.gov/standards/marcxml/schema/MARC21slim.xsd">
<leader>00925njm 22002777a 4500</leader>
<datafield tag="042" ind1=" " ind2=" ">
<subfield code="a">dc</subfield>
</datafield>
<datafield tag="720" ind1=" " ind2=" ">
<subfield code="a">Bello Paredes, Santiago A.</subfield>
<subfield code="e">author</subfield>
</datafield>
<datafield tag="260" ind1=" " ind2=" ">
<subfield code="c">2011-01</subfield>
</datafield>
<datafield tag="520" ind1=" " ind2=" ">
<subfield code="a">El objeto de este estudio se centra en efectuar una valoración jurídica de la vigente situación&#xd;
en la que se encuentran las entidades provinciales en Cataluña, después de la novedad contenida en su Estatuto de Autonomía de introducir las veguerías como entidades locales. Y todo&#xd;
ello desde la nueva dimensión generada por la sentencia del Tribunal Constitucional 31/2010,&#xd;
de 28 de junio, y por la aprobación de la Ley de Veguerías, de fecha 3 de agosto de 2010. Para&#xd;
ello se estudia la naturaleza jurídica y la organización de las veguerías para su confrontación&#xd;
con el régimen jurídico de las provincias contenido en la legislación básica estatal, y se&#xd;
llega a la conclusión de que las veguerías son en Cataluña la denominación que reciben las&#xd;
entidades locales provinciales.</subfield>
</datafield>
<datafield tag="520" ind1=" " ind2=" ">
<subfield code="a">The main objective of this article is producing a legal analysis of the present situation what&#xd;
local entities face in Catalonia after the enactment of the Statute of Autonomy in 2006&#xd;
which included the «veguería» as a new entity in the local level. This analysis will take into&#xd;
account the recent sentence of the Spanish Constitutional Court of 28 June 2010 and the&#xd;
enactment of the Veguerías Act, 3 August 2010. To do this analysis a comparison between&#xd;
the organization and legal nature of the provinces and the «veguerias» will be conducted.&#xd;
This analysis will lead to state that the «veguerías» fulfils the same role and missions that&#xd;
actually play the provinces.</subfield>
</datafield>
<datafield tag="024" ind2=" " ind1="8">
<subfield code="a">0034-7639</subfield>
</datafield>
<datafield tag="024" ind2=" " ind1="8">
<subfield code="a">http://hdl.handle.net/10259/10311</subfield>
</datafield>
<datafield tag="024" ind2=" " ind1="8">
<subfield code="a">1989-0656</subfield>
</datafield>
<datafield ind1=" " ind2=" " tag="653">
<subfield code="a">Provincias</subfield>
</datafield>
<datafield ind1=" " ind2=" " tag="653">
<subfield code="a">Veguerías</subfield>
</datafield>
<datafield ind1=" " ind2=" " tag="653">
<subfield code="a">Administración local</subfield>
</datafield>
<datafield ind1=" " ind2=" " tag="653">
<subfield code="a">Cataluña</subfield>
</datafield>
<datafield ind1=" " ind2=" " tag="653">
<subfield code="a">Provinces</subfield>
</datafield>
<datafield ind1=" " ind2=" " tag="653">
<subfield code="a">Local government</subfield>
</datafield>
<datafield ind1=" " ind2=" " tag="653">
<subfield code="a">Catalonia</subfield>
</datafield>
<datafield tag="245" ind1="0" ind2="0">
<subfield code="a">Las veguerías y las provincias en Cataluña</subfield>
</datafield>
</record></metadata></record></GetRecord></OAI-PMH>